El Ministro Manuel Rivera Silva (Record no. 126772)

MARC details
000 -LEADER
fixed length control field 00581cam a2200181 4500
005 - DATE AND TIME OF LATEST TRANSACTION
control field 20220131125201.0
008 - FIXED-LENGTH DATA ELEMENTS--GENERAL INFORMATION
fixed length control field 220131b mx ||||| |||| 00| 0 spa d
050 04 - LIBRARY OF CONGRESS CALL NUMBER
Classification number KGF304.R58
Item number M56 1993
110 2# - MAIN ENTRY--CORPORATE NAME
Corporate name or jurisdiction name as entry element Suprema Corte de Justicia de la Nación
245 03 - TITLE STATEMENT
Title El Ministro Manuel Rivera Silva
Statement of responsibility, etc /
250 ## - EDITION STATEMENT
Edition statement 1a ed.
260 ## - PUBLICATION, DISTRIBUTION, ETC. (IMPRINT)
Place of publication, distribution, etc México :
Name of publisher, distributor, etc Imprenta Quincor,
Date of publication, distribution, etc 1993
300 ## - PHYSICAL DESCRIPTION
Extent 862 p. :
Other physical details il. ;
Dimensions 22 cm.
490 0# - SERIES STATEMENT
Series statement Semblanzas ;
Volume number/sequential designation 20
600 14 - SUBJECT ADDED ENTRY--PERSONAL NAME
Personal name Rivera Silva, Manuel
Form subdivision Discursos, ensayos, conferencias
650 #7 - SUBJECT ADDED ENTRY--TOPICAL TERM
Topical term or geographic name as entry element Abogados
Geographic subdivision México
Form subdivision Bibliografía
942 ## - ADDED ENTRY ELEMENTS (KOHA)
Source of classification or shelving scheme Biblioteca del Cogreso de los Estados Unidos
Koha item type Libro
Holdings
Estado de pérdida Fuente de clasificación Estado del daño No para préstamo Ubicación permanente Ubicación actual Apartado o colección Fecha de adquisición Edición Dependencia de educación superior (DES) Área del conocimiento Total Checkouts Clasificación Código de Barras Date last seen Número de copia Costo por reposición Tipo de recurso
  Biblioteca del Cogreso de los Estados Unidos     Biblioteca de la Facultad de Derecho y Ciencias Sociales "Felipe J. Tena" Biblioteca de la Facultad de Derecho y Ciencias Sociales "Felipe J. Tena" General 31/01/2022 1a ed. Derecho Ciencias Sociales y Administrativas   KGF304.R58 M56 1993 BFD000000675 31/01/2022 1 1.00 Libro